Pays à 7 syllabes par ordre alphabétique - Statistiques

Statistiques générales
  • Ce quiz a été pris 19 fois
  • Le résultat moyen est 4 sur 6
Statistiques - réponses
Hint Réponse % Correct
R République Dominicaine
76%
A Antigua et Barbuda
65%
E Emirats Arabes Unis
59%
S Sao Tomé et Principe
59%
R République Centrafricaine
53%
T Trinité et Tobago
53%
Aucun quiz correspondant
Distribution des résultats
% des personnes avec chaque résultat
Percentile par nombre de réponses
Votre historique - résultats
Vous n’avez pas pris ce quiz